| 000 | 00551nam a2200157 i 4500 | ||
|---|---|---|---|
| 001 | 25871 | ||
| 003 | ES-MaACL | ||
| 005 | 20230906153339.0 | ||
| 007 | t| | ||
| 008 | 030103s1924 sp ||||1| spa d | ||
| 100 | 1 |
_aArmiño, Adán A. de. _922986 |
|
| 245 | 1 | 4 |
_a[La energía _b: ensayo histórico-filosófico] : tesis doctoral leída en la Facultad de Filosofía y Letras de la Universidad de Madrid... mayo 1916 / _cpor Adán A. de Armiño. |
| 260 |
_aMadrid : _bJaime Ratés, _c1924. |
||
| 300 |
_a114 p. ; _c21 cm. |
||
| 852 |
_aES-MaACL _j1714-F-16 |
||
| 999 |
_c25871 _d25871 |
||